000 00490nam a2200145Ia 4500
008 100122s9999 xx 000 0 und d
082 _b51594
_a500
100 _aघाणेकर प्र के
245 _aभटकंतीतून विज्ञान
260 _bस्नेहल प्रकाशन
_c1995
300 _a84
630 _aभटकंतीतून विज्ञान
730 _aभटकंतीतून विज्ञान
942 _cBOOK
999 _c428972
_d428969